Holenderskie miasta - nagła śmierć - Statystyki

Ogólne statystyki
  • Ten quiz został rozwiązany 213 razy
  • Średni wynik to 9 z 12
Answers on the Grid
Answers color-coded by a green-red scale on the quiz's grid according to % correct below.
Amsterdam
Glasgow
Haga
Frankfurt
Rotterdam
Utrecht
Antwerpia
Groningen
Almere
Bruksela
Breda
Nijmegen
Birmingham
Edynburg
Sheffield
Eindhoven
Podgorica
Bergen
Trondheim
Maastricht
Molde
Alkmaar
Brugia
Bradford
Sztokholm
Waalwijk
Wiedeń
Bochum
 
Statystyki odpowiedzi
Odpowiedź % Poprawnych
Amsterdam
100%
Rotterdam
97%
Haga
87%
Utrecht
86%
Eindhoven
81%
Groningen
75%
Nijmegen
72%
Alkmaar
70%
Breda
67%
Almere
65%
Waalwijk
62%
Maastricht
60%
Nie znaleziono quizów pasujących do podanych kryteriów
Rozkład punktacji
Procent ludzi z każdym wynikiem
Percentyl według liczby udzielonych odpowiedzi
Twoja historia wyników
Nie rozwiązałeś tego quizu